1365 1188 1341 1670 1451 1529 1126 1940 1356 1810 1596 1564 1380 1523 1475 1516 1259 1105 1891 1035 1586 1407 1625 1234 1564 1277 1763 1950 1225 1458 1494 1540 1678 1354 1421 1911 1955 1719 1663 1562 1998 1387 1681 1904 1810 1605 1335 1056 1791 1582 1801 1218 1810 1335 1891 1700 1736 1648 1423 1322 1913 1536 1071 1261 1002 1073 1336 1558 1230 1618 1790 1008 1405 1942 1208 1061 1190 1369 1189 1124 1474 1995 1490 1956 1445 1841 1892 1761 1506 1125 1967 1836 1784 1420 1837 1164 1742 1120 1711 BCNSPRNW ULIB Ver.6.0+V

เปลี่ยนเป็นภาษาไทย

Change to English
 แสดงรายละเอียดบรรณานุกรม
  กลับหน้าหลัก

Brief Record : Get Marc (ISO 2709) : E-mail record : QR code < ปิดหน้าต่าง
LEADER : 00000nam 2200000uu 4500
001    13399112327
003     ULIB
008    110627s2554||||th 000 0 tha d
020    9786167389332
090    นว.^bก333ส 2554
100 0  กษิรา
245 00 เสิร์ฟรักรสกาแฟ...Cup of love/^cกษิรา
260    กรุงเทพฯ :^bบีไมน์,^c2554
300    408 หน้า
710 1  บีไมน์
945    ^p260^l0^i030401
995    ทศพร
999 ^a ใช้งานได้ทุกระบบ
รายการนี้ยังไม่มีแท็ก
คุณยังไม่ได้ล็อกอิน คุณสามารถมีกิจกรรมร่วมกับเว็บไซต์ได้ แต่ต้องล็อกอินก่อน ::
  ล็อกอิน

รายการสื่อสารสนเทศ

ลำดับที่ ประเภท เลขเรียก/บาร์โค้ด สถานที่ สถานะ
- ไม่พบข้อมูล -

BibComment


ยังไม่เคยถูกคอมเมนท์

คอมเมนท์ทรัพยากรรายการนี้
  คอมเมนท์: เสิร์ฟรักรสกาแฟCu..


 Copyright 2026. Bcnsprnw @Library